|
|
|
|
| LEADER |
00000cam a2200000 a 4500 |
| 001 |
1/118034 |
| 008 |
190208t20182020gr ||||||| |||| ||gre|| |
| 020 |
|
|
|a 9789604187614
|
| 040 |
|
|
|a GR-MyUA
|b gre
|e AACR2
|
| 041 |
0 |
|
|a gre
|
| 082 |
7 |
|
|a 519.5
|2 (23)
|
| 082 |
7 |
|
|a 519.50285
|
| 100 |
1 |
|
|a Ιωαννίδης, Δημήτρης Α.
|
| 245 |
1 |
0 |
|a Στατιστικές μέθοδοι :
|b θεωρία & εφαρμογές με χρήση Excel & R /
|c Δημήτρης Ιωαννίδης.
|
| 260 |
|
|
|a Θεσσαλονίκη :
|b Τζιόλας,
|c c2021, c2020, c2018.
|
| 300 |
|
|
|a 650 σ. ;
|c 25 εκ.
|
| 650 |
|
0 |
|a Statistics
|x Methodology.
|
| 650 |
|
0 |
|a Statistics
|x Computer programs.
|
| 650 |
|
0 |
|a R (Computer program language)
|
| 650 |
|
0 |
|a Probabilities.
|
| 852 |
|
|
|a INST
|b CHIOS
|c EUDOXUS
|e 20220714
|h 519.5 ΙΩΑ
|p 005200040666
|q 005200040666
|t EDX
|y 4
|x 20230109
|
| 852 |
|
|
|a INST
|b LESVOS
|c EUDOXUS
|e 20190208
|h 519.5 ΙΩΑ
|p 005100060672
|q 005100060672
|t EDX
|y 0
|
| 852 |
|
|
|a INST
|b SAMOS
|c EUDOXUS
|e 20211123
|h 519.50285 ΙΩΑ
|p 005300047107
|q 005300047107
|t EDX
|y 0
|
| 852 |
|
|
|a INST
|b SAMOS
|c EUDOXUS
|e 20211018
|h 519.50285 ΙΩΑ
|p 005300047174
|q 005300047174
|t EDX
|y 0
|
| 852 |
|
|
|a INST
|b SAMOS
|c EUDOXUS
|e 20210525
|h 519.50285 ΙΩΑ
|p 005300047241
|q 005300047241
|t EDX
|y 0
|
| 852 |
|
|
|a INST
|b SAMOS
|c EUDOXUS
|e 20210525
|h 519.50285 ΙΩΑ
|p 005300047242
|q 005300047242
|t EDX
|y 0
|
| 852 |
|
|
|a INST
|b SAMOS
|c EUDOXUS
|e 20210525
|h 519.50285 ΙΩΑ
|p 005300047243
|q 005300047243
|t EDX
|y 0
|
| 852 |
|
|
|a INST
|b SAMOS
|c EUDOXUS
|e 20210115
|h 519.50285 ΙΩΑ
|p 005300047316
|q 005300047316
|t EDX
|y 0
|
| 920 |
|
|
|a Εύδοξος
|b Παραγγελία
|y Λέσβος-ΤΠ
|z 2019-02
|
| 920 |
|
|
|a Εύδοξος
|b Παραγγελία
|y Σάμος-ΤΣΑΧΜ
|z 2021-01
|
| 920 |
|
|
|a Εύδοξος
|b Παραγγελία
|y Σάμος-ΤΣΑΧΜ
|z 2021-04
|
| 920 |
|
|
|a Εύδοξος
|b Επιστροφή
|y Σάμος
|z 2021-10
|
| 920 |
|
|
|a Εύδοξος
|b Παραγγελία
|y Χίος
|z 2022-05
|
| 970 |
|
|
|a Δημάκη
|b Μαρία
|z 08-02-2019
|